Začíname pracovať s počítačom Štart počítača, základy práce s PC, najdôležitejšie príkazy MS-DOS, práca so súbormi a adresármi
Salvato in:
| Autore principale: | |
|---|---|
| Natura: | Libro |
| Lingua: | slovacco |
| Pubblicazione: |
Bratislava
CSERVENKA
1995
|
| Edizione: | 1. vyd. |
| Serie: | Malá knižnica PC
|
| Soggetti: | |
| Tags: |
Nessun Tag, puoi essere il primo ad aggiungerne!!
|
MARC
| LEADER | 00000nam a2200000 4500 | ||
|---|---|---|---|
| 001 | c011931 | ||
| 005 | 20221128074545.9 | ||
| 041 | 0 | |a slo | |
| 044 | |a SK | ||
| 245 | 1 | 0 | |a Začíname pracovať s počítačom |b Štart počítača, základy práce s PC, najdôležitejšie príkazy MS-DOS, práca so súbormi a adresármi |c Karol Hodinár |
| 250 | |a 1. vyd. | ||
| 264 | 1 | |a Bratislava |b CSERVENKA |c 1995 | |
| 300 | |a 108 s. | ||
| 490 | 1 | |a Malá knižnica PC | |
| 830 | 0 | |a Malá knižnica PC | |
| 610 | 2 | 0 | |a počítače |
| 610 | 2 | 0 | |a využitie počítačov |
| 610 | 2 | 0 | |a systémy operačné |
| 610 | 2 | 0 | |a programy počítačové |
| 610 | 2 | 0 | |a počítače osobné |
| 610 | 2 | 0 | |a MS-DOS |
| 100 | 1 | |a Hodinár, Karol | |